00761nam a2200217 4500003001100000005001700011008004100028020001500069040003900084041000800123082001700131100002100148245004800169260003500217300007800252650005700330650004300387942000700430952009100437999001500528LK-CoMWRAF20231206151359.0230925b2000 |||||||| |||| 00| 0 eng d a0028219619 aLK-CoMWRAFdLK-CoMWRAFeLK-CoMWRAF aeng a320.473bSAF aSaffell, David C aCivics :b responsibilities and citizenship aNew York :bMcGraw-Hill,c2000 axix.,617 p. : col. ill., col. maps ; 29 cm.bGlossary and index included. aCIVICS-Study and teaching (Secondary)--United States aPolitics and government-.United States cBK 00104070aMAINbMAINd2023-09-25l0o320.473 SAFpRAF800r2023-09-25w2023-09-25yBK c3658d3658